| 000 | 00920nmc a2200349 a 4500 | ||
|---|---|---|---|
| 003 | AR-BaBNM | ||
| 005 | 20251128205449.0 | ||
| 008 | 011101s1993 ||||||||||||||000 | spa|| | ||
| 020 | _a84-7827-036-1 | ||
| 040 | _cAR-BaBNM | ||
| 245 | 1 | 0 | _aLa enseñanza de la ortografía |
| 250 | _a2ª ed. | ||
| 260 |
_aBarcelona _bGraó _c1993 |
||
| 300 | 0 |
_a111 p. _bdiagr., il. |
|
| 490 | 0 | _aEl lápiz | |
| 504 | _aBibliografía: p. 107-109 | ||
| 650 | 4 | _aORTOGRAFIA | |
| 650 | 4 | _aENSENANZA DE LA ESCRITURA | |
| 650 | 4 | _aTECNICAS DE ENSENANZA | |
| 650 | 4 | _aDICCIONARIOS | |
| 650 | 4 | _aENSENANZA DE LA ORTOGRAFIA | |
| 653 | 0 | _aENSENANZA DE LA LENGUA | |
| 653 | 0 | _aPROCESO DE ENSENANZA-APRENDIZAJE | |
| 653 | 0 | _aAULA-TALLER | |
| 700 | 1 | _aCamps, Anna | |
| 700 | 1 | _aMilian, Marta | |
| 700 | 1 | _aBigas, Montserrat | |
| 700 | 1 | _aCamps, Montserrat | |
| 700 | 1 | _aCabré, Pilar | |
| 942 | _cBK | ||
| 998 | _cSILVI | ||
| 999 |
_c11503 _d11503 |
||